000 01026nam a22003257a 4500
001 BR2012001651
003 BR-BrBNA
005 20230928103912.0
007 ta
008 230509b bl.||||| |||| 00| 0 por d
040 _aBR-BrBNA
_bpor
_cBiblioteca Nacional de Agricultura
041 _a(Por)
072 _aT01
090 _ T01 BR2012001651
100 1 _aMarques, R.F. de P.V.
110 1 _aUniversidade Federal de Lavras, MG (Brasil)
_0Tese (Mestrado)
245 1 _aImpactos ambientais da disposição de resíduos sólidos urbanos no solo e na água superficial em três municípios de Minas Gerais
260 3 _aLavras, MG (Brasil):
_c2011.
300 _a95 p.
500 _aSummaries (Eng, Por); Bibliography p. 79-84; 12 illus.; 26 tables
650 _aÁGUAS SUPERFICIAIS
650 _aSOLO
650 _aIMPACTO AMBIENTAL
650 _aRESÍDUO SOLIDO
650 _aMETAL PESADO
650 _aCONTAMINAÇÃO
650 _aMINAS GERAIS
909 _a202309
_bLucia
_c55
_dLucia Elande
942 _cBK
999 _c77161
_d77161